| 000 | 00924nam a22003017a 4500 | ||
|---|---|---|---|
| 001 | 5873 | ||
| 003 | FISKH | ||
| 005 | 20250127114118.0 | ||
| 008 | 250127b cb ||||| |||| 00| 0 eng d | ||
| 020 | _a9781408339763 | ||
| 040 |
_aFISKH _beng _cFISKH _dFISKH |
||
| 050 | _aPZ7. | ||
| 082 | _a823.92 | ||
| 100 | _aMeadows, Daisy | ||
| 245 |
_aRainbow magic : _bThe pet keeper fairies / _cThe Pet Keeper Fairies |
||
| 250 | _aFirst published in 2013 | ||
| 260 |
_aLondon : _bOrchard, _c2013. |
||
| 300 |
_a29 pages : _bcolor illustrations ; _c22 cm |
||
| 490 |
_aRainbow magic _vBeginner reader |
||
| 505 | _aG | ||
| 520 | _aJoin the Pet Keeper Fairies on a magical adventure to save their special animal friends! | ||
| 521 | 8 |
_a380
_bLexile estimate |
|
| 521 | 8 |
_aG
_bRaz-Plus |
|
| 650 |
_2Friendship _aGirl characters |
||
| 650 |
_2Beginner reader _aRainbow Magic |
||
| 942 |
_2ddc _cBK _n0 |
||
| 999 |
_c5873 _d5873 |
||